แสดงรายละเอียดบรรณานุกรม
  กลับหน้าหลัก

Brief Record : Get Marc (ISO 2709) : E-mail record : QR code ปิดหน้าต่าง
E-books : เกี่ยวกับ Collections
LEADER 00000nam 2200000uu 4500
001    212524
003     ULIBM
008    190705s||||||||th 000 0 tha d
020    ^a9786162820397
040    ^abcnkk
041    ^atha
050  4 ^aT58.6^bล831ร 2560
100 1  ^aเลาดอน, เคนเนท
245 10 ^aระบบสารสนเทศเพื่อการจัดการ =^bManagement information systems/^cKenneth C. Laudon, Jane P. Laudon ; สัลยุทธ์ สว่างวรรณ,ผู้แปล
246 31 ^aManagement information systems
260    ^aกรุงเทพฯ :^bท้อป,^c2560
300    ^a568 หน้า :^bภาพประกอบ ;^c29 ซม.
650  4 ^aการจัดการทรัพยากรสารสนเทศ
650  4 ^aระบบข้อสนเทศเพื่อการจัดการ
650  0 ^aระบบข้อสนเทศ
700 0  ^aสัลยุทธ์ สว่างวรรณ, ^eผู้แปล
999    ^aใช้งานได้ทุกระบบ
รายการนี้ยังไม่มีแท็ก
คุณยังไม่ได้ล็อกอิน คุณสามารถมีกิจกรรมร่วมกับเว็บไซต์ได้ แต่ต้องล็อกอินก่อน ::
  ล็อกอิน
ลำดับที่ ประเภท เลขเรียก สถานที่ สถานะ
1. หนังสือทั่วไป
หนังสือทั่วไป
T58.6 ล831ร 2560 ฉ.1 
  
หนังสือทั่วไป On Shelf
  ขอยืม
Note:จัดซื้อ ปีงบประมาณ 2562
2. หนังสือทั่วไป
หนังสือทั่วไป
T58.6 ล831ร 2560 ฉ.2 
  
หนังสือทั่วไป On Shelf
  ขอยืม
Note:จัดซื้อ ปีงบประมาณ 2562
   [แสดง 2/2 รายการ]

รายการใกล้เคียง
    หัวเรื่อง [การจัดการทรัพยากรสารสนเทศ]

BibComment


ยังไม่เคยถูกคอมเมนท์

คอมเมนท์ทรัพยากรรายการนี้
  คอมเมนท์: ระบบสารสนเทศเพื่..
Bib 212524

 
 
 

 Union Library Management : ULibM
Copyright 2026. All Rights Reserved.
скачать бесплатно без регистрации порно красивый секс HD Sex Hindi sex

xxx gou

xxxx

bfxxx

xxxwww

Секса Видео

xxxx

Секса Видео

detube

geilexxx

C99 Shell

worms shell

blod xxx video
Ebony Coed Rihanna Rimes Takes A Dick In Her Young Twat priyaa indian fuck anal and pusssy hardcore indian women xxx desi hardcore fucking part 1 bengalixxxcouple